000 00429nam a2200181Ia 4500
005 20250319064846.0
008 240331s9999 xx 000 0 und d
020 _a03067661 (ISSN)
082 _a302.23
_bCRU
_2141
245 0 _aFramework 37
260 _aLondon,
_bSankofa Film and Video Ltd.
_c1989
300 _a147 p.,
650 _aCinema
650 _aWomen
650 _aCulture
700 _aPines, J
_eedt
942 _cL
999 _c1118
_d1118